000
00216 a2200097 4500
001
48387
100
_a
Tagore, R
245
_a
The voyage diary of westward
260
_a
London
_b
Asia pub H
_c
090
_c
31327
_d
31327
942
_a
NUST-CAE
_c
M
_c
23700
999
_c
283460
_d
283460